Digital and Analog Communication Systems (Record no. 6230)

MARC details
000 -LEADER
fixed length control field 00556nam a22002177a 4500
003 - CONTROL NUMBER IDENTIFIER
control field OSt
005 - DATE AND TIME OF LATEST TRANSACTION
control field 20190816112900.0
008 - FIXED-LENGTH DATA ELEMENTS--GENERAL INFORMATION
fixed length control field 190816b ||||| |||| 00| 0 eng d
020 ## - INTERNATIONAL STANDARD BOOK NUMBER
International Standard Book Number 9780273774211
020 ## - INTERNATIONAL STANDARD BOOK NUMBER
International Standard Book Number 0273774212
040 ## - CATALOGING SOURCE
Transcribing agency ddc
082 ## - DEWEY DECIMAL CLASSIFICATION NUMBER
Classification number 006.3 COU 2013
100 ## - MAIN ENTRY--PERSONAL NAME
Personal name Couch, Leon W.
9 (RLIN) 12820
245 ## - TITLE STATEMENT
Title Digital and Analog Communication Systems
250 ## - EDITION STATEMENT
Edition statement 8th ed.
260 ## - PUBLICATION, DISTRIBUTION, ETC. (IMPRINT)
Place of publication, distribution, etc. Boston;
Name of publisher, distributor, etc. Pearson,
Date of publication, distribution, etc. 2013
300 ## - PHYSICAL DESCRIPTION
Extent 784p;
Other physical details ill:
Dimensions 23.5cm
650 ## - SUBJECT ADDED ENTRY--TOPICAL TERM
Topical term or geographic name as entry element Digital systems
9 (RLIN) 5645
650 ## - SUBJECT ADDED ENTRY--TOPICAL TERM
Topical term or geographic name as entry element Analog system
9 (RLIN) 12821
942 ## - ADDED ENTRY ELEMENTS (KOHA)
Source of classification or shelving scheme Dewey Decimal Classification
Koha item type Short Loan
Holdings
Withdrawn status Lost status Source of classification or shelving scheme Damaged status Not for loan Home library Current library Date acquired Source of acquisition Inventory number Total Checkouts Full call number Barcode Date last seen Date last checked out Koha item type
    Dewey Decimal Classification     Main Kihumuro Campus MUST Main Library 16/08/2019 Purchase 19/40843 1 006.3 COU 2013 2019-0122 03/09/2024 27/08/2019 Short Loan
    Dewey Decimal Classification     Main Kihumuro Campus Main Kihumuro Campus 16/08/2019 Purchase 19/40844   006.3 COU 2013 2019-0123 16/08/2019   Short Loan
    Dewey Decimal Classification     Main Kihumuro Campus Main Kihumuro Campus 16/08/2019 Purchase 19/40845   006.3 COU 2013 2019-0124 16/08/2019   Short Loan
    Dewey Decimal Classification     Main Kihumuro Campus Main Kihumuro Campus 16/08/2019 Purchase 19/40846   006.3 COU 2013 2019-0125 16/08/2019   Short Loan